Basic and clinical pharmacology
Đã lưu trong:
| 格式: | 图书 |
|---|---|
| 语言: | Undetermined |
| 出版: |
New York
McGraw-Hill
1998
|
| 主题: | |
| 标签: |
添加标签
没有标签, 成为第一个标记此记录!
|
| Thư viện lưu trữ: | Trung tâm Học liệu Trường Đại học Cần Thơ |
|---|
| LEADER | 00446nam a2200169Ia 4500 | ||
|---|---|---|---|
| 001 | CTU_54875 | ||
| 008 | 210402s9999 xx 000 0 und d | ||
| 020 | |b 150000 | ||
| 082 | |a 615.1 | ||
| 082 | |b B311 | ||
| 245 | 0 | |a Basic and clinical pharmacology | |
| 245 | 0 | |c Edited by Bertram G. Katzung | |
| 260 | |a New York | ||
| 260 | |b McGraw-Hill | ||
| 260 | |c 1998 | ||
| 650 | |a pharmacology | ||
| 980 | |a Trung tâm Học liệu Trường Đại học Cần Thơ | ||